[Event "4NCL"]
[Site "Barcelo Hotel, Hinckley Island"]
[Date "2011.05.02"]
[Round "11.36"]
[White "Smith, Olivia"]
[Black "Winfridsson, Ola"]
[Result "1/2-1/2"]
[WhiteElo "2004"]
[BlackElo "2140"]
[PlyCount "145"]
[EventDate "2011.??.??"]
[WhiteTeam "Rhyfelwyr Essyllwg"]
[BlackTeam "Poisoned Pawns 1"]

1. Nf3 Nf6 2. g3 e6 3. Bg2 Be7 4. d3 d5 5. Nbd2 c5 6. O-O Nc6 7. e4 O-O 8. c3
Qc7 9. Re1 dxe4 10. dxe4 e5 11. Nf1 Rd8 12. Qc2 b6 13. Bg5 Ba6 14. Rad1 Ng4 15.
Bxe7 Nxe7 16. h3 Nf6 17. g4 Ng6 18. Ne3 Nf4 19. c4 Bb7 20. Nd5 N6xd5 21. exd5
f6 22. Nh4 Qf7 23. Re3 b5 24. b3 Rab8 25. Be4 g6 26. Ng2 bxc4 27. bxc4 Nxg2 28.
Kxg2 Ba6 29. Rb3 Rb6 30. Rdb1 Rdd6 31. a4 Bc8 32. a5 Rxb3 33. Rxb3 f5 34. Bf3
e4 35. Bd1 Qc7 36. Qc3 Ra6 37. Ra3 Qf4 38. Qg3 Qxg3+ 39. Kxg3 Kf7 40. Ba4 Kf6
41. Bb5 Rd6 42. gxf5 Kxf5 43. f3 Ke5 44. fxe4 Kxe4 45. a6 Kd4 46. Ra1 Bd7 47.
Rd1+ Kc3 48. Kf4 Bxb5 49. cxb5 Kc2 50. Ke5 Rb6 51. Rf1 c4 52. Rf7 c3 53. Rxa7
Rxb5 54. Ke6 Kd2 55. d6 c2 56. Rc7 Rb6 57. Ke5 Rxa6 58. d7 Ra8 59. Rc8 Rxc8 60.
dxc8=Q c1=Q 61. Qd7+ Ke2 62. Qxh7 Qg5+ 63. Kd4 Kf3 64. h4 Qf4+ 65. Kd5 Qe4+ 66.
Kd6 Kg4 67. Qh8 Qb4+ 68. Kd5 Qb5+ 69. Ke6 Qf5+ 70. Ke7 Qh5 71. Qd4+ Kh3 72. Ke6
Qxh4 73. Qd3+ 1/2-1/2

[Event "4NCL"]
[Site "Barcelo Hotel, Hinckley Island"]
[Date "2011.05.02"]
[Round "11.37"]
[White "Goodger, Martyn"]
[Black "Davies, Matthew"]
[Result "1-0"]
[WhiteElo "2096"]
[BlackElo "1986"]
[PlyCount "63"]
[EventDate "2011.??.??"]
[WhiteTeam "Poisoned Pawns 1"]
[BlackTeam "Rhyfelwyr Essyllwg"]

1. e4 e6 2. d4 d5 3. e5 c5 4. c3 Qb6 5. Nf3 Nc6 6. a3 Bd7 7. b4 cxd4 8. cxd4
Nh6 9. Nc3 Nf5 10. Na4 Qc7 11. Bb2 Rc8 12. Rc1 Qb8 13. Bd3 Be7 14. Nc5 Bxc5 15.
dxc5 Nce7 16. g4 Nh6 17. h3 b5 18. O-O Ng6 19. Qd2 O-O 20. Rce1 Kh8 21. Ng5 Ng8
22. f4 h6 23. Nxf7+ Rxf7 24. Bxg6 Rff8 25. Bb1 Ne7 26. Qd3 g6 27. Qe3 Ng8 28.
f5 g5 29. Qd3 Qc7 30. fxe6 Rxf1+ 31. Rxf1 Bxe6 32. Qxb5 1-0

[Event "4NCL"]
[Site "Barcelo Hotel, Hinckley Island"]
[Date "2011.05.02"]
[Round "11.41"]
[White "Thompson, Ian D"]
[Black "Williams, Simon K"]
[Result "1/2-1/2"]
[WhiteElo "2260"]
[BlackElo "2507"]
[PlyCount "69"]
[EventDate "2011.??.??"]
[WhiteTeam "Guildford A&DC 2"]
[BlackTeam "Jutes of Kent"]

1. Nf3 f5 2. d4 e6 3. d5 exd5 4. Qxd5 d6 5. g3 Nf6 6. Qd3 Na6 7. c4 d5 8. Bg2
Bb4+ 9. Bd2 O-O 10. O-O Nc5 11. Qc2 Bxd2 12. Nbxd2 d4 13. Rad1 f4 14. Nb3 Nxb3
15. Qxb3 c5 16. e3 fxg3 17. hxg3 Qe8 18. exd4 Qh5 19. dxc5 Ng4 20. Nh4 Qxc5 21.
Qb5 Qxb5 22. cxb5 Rb8 23. Rd6 b6 24. Bc6 Nf6 25. Re1 Bg4 26. f3 Bh5 27. Ng2 Bf7
28. b3 Bg6 29. Nf4 Rbd8 30. Red1 Rxd6 31. Rxd6 Kf7 32. Nd5 Nxd5 33. Rxd5 Ke6
34. f4 Bf5 35. Rd7 1/2-1/2

[Event "4NCL"]
[Site "Barcelo Hotel, Hinckley Island"]
[Date "2011.05.02"]
[Round "11.42"]
[White "Galego, Luis"]
[Black "Meyer, Gordon"]
[Result "1-0"]
[WhiteElo "2500"]
[BlackElo "2166"]
[PlyCount "125"]
[EventDate "2011.??.??"]
[WhiteTeam "Jutes of Kent"]
[BlackTeam "Guildford A&DC 2"]

1. e4 c5 2. Nf3 d6 3. g3 Nf6 4. d3 g6 5. Bg2 Bg7 6. O-O O-O 7. Ng5 Bg4 8. f3
Bd7 9. f4 Nc6 10. f5 e6 11. fxg6 fxg6 12. Nc3 Qe7 13. Nf3 a6 14. Bf4 Ng4 15.
Qd2 Nd4 16. h3 Nxf3+ 17. Rxf3 Ne5 18. Rff1 Nf7 19. Rae1 Bc6 20. h4 b5 21. e5 d5
22. d4 b4 23. Nd1 Bb5 24. Rf2 cxd4 25. Qxd4 Nh6 26. Ne3 Qa7 27. Qxb4 Rxf4 28.
gxf4 Bf8 29. Qd2 Bc5 30. Bh3 Nf5 31. Bxf5 gxf5 32. Kh2 d4 33. Nd1 Qe7 34. Rg1+
Kh8 35. Kh3 Bc6 36. Rfg2 Bxg2+ 37. Rxg2 Rc8 38. Qd3 Bb6 39. Qg3 Ba5 40. a3 Bb6
41. Nf2 a5 42. a4 Qf8 43. Nd3 Rc4 44. b3 Rc3 45. Qf3 Bd8 46. Qf2 Qh6 47. Qg3
Qf8 48. Kh2 Be7 49. Kg1 Rc8 50. h5 Qf7 51. Qf3 Bf8 52. Kf1 Qc7 53. Qf2 Qd8 54.
Ke1 Be7 55. Kd1 Bh4 56. Qf3 Qc7 57. Qh3 Be7 58. Qg3 Ba3 59. h6 Qf7 60. Qg7+
Qxg7 61. Rxg7 Rg8 62. Rxg8+ Kxg8 63. b4 1-0

[Event "4NCL"]
[Site "Barcelo Hotel, Hinckley Island"]
[Date "2011.05.02"]
[Round "11.43"]
[White "Osborne, Marcus E"]
[Black "Thorfinnsson, Bjorn"]
[Result "0-1"]
[WhiteElo "2231"]
[BlackElo "2419"]
[PlyCount "98"]
[EventDate "2011.??.??"]
[WhiteTeam "Guildford A&DC 2"]
[BlackTeam "Jutes of Kent"]

1. d4 Nf6 2. c4 e6 3. Nf3 c5 4. d5 b5 5. Bg5 h6 6. Bxf6 Qxf6 7. Nc3 b4 8. Nb5
Kd8 9. Qa4 exd5 10. cxd5 Ba6 11. e4 Bxb5 12. Bxb5 Bd6 13. O-O Re8 14. Qc2 g5
15. e5 Bxe5 16. Nxe5 Rxe5 17. Qxc5 Qb6 18. Qxb4 d6 19. Rfe1 Nd7 20. Rxe5 Nxe5
21. Qb3 Rb8 22. Ba4 Qc7 23. Qh3 Rb4 24. b3 Rh4 25. Qe3 Qb6 26. Qxb6+ axb6 27.
Rd1 Re4 28. Kf1 f5 29. a3 f4 30. Bb5 f3 31. Bd3 fxg2+ 32. Kxg2 Rg4+ 33. Kh1 Rf4
34. Kg2 Rf3 35. Bc2 Rc3 36. Rd2 Nf3 37. Re2 Nd4 38. Re4 Nxc2 39. Re6 Kc7 40.
Rxh6 Rxb3 41. Rh7+ Kc8 42. a4 Nd4 43. Rg7 Ne2 44. Rxg5 Nf4+ 45. Kh1 Ra3 46. h4
Rh3+ 47. Kg1 Rxh4 48. Rg8+ Kb7 49. Rg7+ Ka6 0-1

[Event "4NCL"]
[Site "Barcelo Hotel, Hinckley Island"]
[Date "2011.05.02"]
[Round "11.45"]
[White "Punnett, Alan K"]
[Black "Mack, Andrew L"]
[Result "0-1"]
[WhiteElo "2063"]
[BlackElo "2203"]
[PlyCount "105"]
[EventDate "2011.??.??"]
[WhiteTeam "Guildford A&DC 2"]
[BlackTeam "Jutes of Kent"]

1. e4 e5 2. Nf3 Nc6 3. d4 exd4 4. Nxd4 Bb4+ 5. c3 Be7 6. Be2 Nf6 7. Nxc6 bxc6
8. e5 Nd5 9. O-O O-O 10. c4 Nb6 11. b3 d5 12. Nd2 f6 13. Bb2 Bf5 14. Nf3 fxe5
15. Nxe5 Rf6 16. Rc1 Rh6 17. Bg4 Bxg4 18. Qxg4 Qc8 19. c5 Qxg4 20. Nxg4 Rh4 21.
Ne5 Nc8 22. Nxc6 Bf8 23. Rfe1 Rh6 24. Ne5 Ne7 25. Nd7 Nc6 26. Nxf8 Kxf8 27.
Rcd1 Rd8 28. Rd3 d4 29. g3 Kf7 30. Red1 Ne5 31. Rxd4 Nf3+ 32. Kg2 Nxd4 33. Rxd4
Rxd4 34. Bxd4 Rh5 35. Kf3 Rxh2 36. Ke4 Ke6 37. Be3 c6 38. Kd4 h5 39. Kc4 h4 40.
gxh4 Rxh4+ 41. Kd3 Kd5 42. Kc3 Rh3 43. Kd3 g5 44. Kd2 g4 45. Bf4 Rf3 46. Be3
Ke4 47. Ke2 Rf5 48. b4 a6 49. a4 Kd5 50. Kd3 Rf6 51. b5 cxb5 52. axb5 axb5 53.
Kc3 0-1

[Event "4NCL"]
[Site "Barcelo Hotel, Hinckley Island"]
[Date "2011.05.02"]
[Round "11.46"]
[White "Naylor, John"]
[Black "Shepley, Julien M"]
[Result "1-0"]
[WhiteElo "2162"]
[BlackElo "2043"]
[PlyCount "51"]
[EventDate "2011.??.??"]
[WhiteTeam "Jutes of Kent"]
[BlackTeam "Guildford A&DC 2"]

1. e4 Nc6 2. d4 d5 3. e5 Bf5 4. c3 e6 5. Bd3 Nge7 6. Nf3 Qd7 7. O-O Bxd3 8.
Qxd3 f5 9. b4 Ng6 10. h4 Be7 11. h5 Nf8 12. Nbd2 a6 13. Nb3 Nd8 14. a4 Nf7 15.
Nc5 Bxc5 16. dxc5 c6 17. Bd2 Qe7 18. c4 Nd7 19. cxd5 cxd5 20. Nd4 g6 21. c6
bxc6 22. Nxc6 Qh4 23. g3 Qxh5 24. Kg2 g5 25. b5 f4 26. Qa3 1-0

[Event "4NCL"]
[Site "Barcelo Hotel, Hinckley Island"]
[Date "2011.05.02"]
[Round "11.47"]
[White "Foster, James C"]
[Black "Rich, Mark C"]
[Result "0-1"]
[WhiteElo "2013"]
[BlackElo "2116"]
[PlyCount "72"]
[EventDate "2011.??.??"]
[WhiteTeam "Guildford A&DC 2"]
[BlackTeam "Jutes of Kent"]

1. e4 c5 2. c3 d6 3. d4 Nf6 4. Bd3 g6 5. Nf3 Bg7 6. h3 O-O 7. O-O Nc6 8. d5 Ne5
9. Nxe5 dxe5 10. Be3 b6 11. f3 Ne8 12. Qe2 Nd6 13. Nd2 e6 14. c4 f5 15. b4 cxb4
16. Rfb1 f4 17. Bf2 Bf6 18. Rxb4 Be7 19. c5 bxc5 20. Bxc5 Nf5 21. Nb3 Bxc5+ 22.
Nxc5 Nd4 23. Qb2 Qd6 24. Rc1 exd5 25. exd5 Bf5 26. Ba6 Rab8 27. Bb7 Rf7 28. Kh1
Rc7 29. Na6 Rxc1+ 30. Qxc1 Rxb7 31. Rxb7 Qxa6 32. Qc7 Qf1+ 33. Kh2 Nxf3+ 34.
gxf3 Qf2+ 35. Kh1 Qxf3+ 36. Kh2 Qg3+ 0-1

[Event "4NCL"]
[Site "Barcelo Hotel, Hinckley Island"]
[Date "2011.05.02"]
[Round "11.48"]
[White "Wilson, Alexandra"]
[Black "Taylor, Adam A"]
[Result "0-1"]
[WhiteElo "2042"]
[BlackElo "1821"]
[PlyCount "62"]
[EventDate "2011.??.??"]
[WhiteTeam "Jutes of Kent"]
[BlackTeam "Guildford A&DC 2"]

1. e4 c5 2. Nc3 Nc6 3. f4 e6 4. Nf3 d5 5. d3 d4 6. Nb1 f5 7. Nbd2 Bd6 8. Nc4
Bc7 9. a4 b6 10. g3 Bb7 11. Bg2 a6 12. O-O b5 13. axb5 axb5 14. Rxa8 Bxa8 15.
Ncd2 Nge7 16. Ng5 Qd6 17. exf5 exf5 18. Re1 O-O 19. Re6 Qd7 20. Qe1 h6 21. Ngf3
Nd5 22. Nb3 Bb6 23. Re2 c4 24. Na1 Ncb4 25. Ne5 Qd6 26. Kf1 Na2 27. dxc4 Nxc1
28. Qxc1 Ne3+ 29. Rxe3 Bxg2+ 30. Kxg2 dxe3 31. c5 Qd2+ 0-1

[Event "4NCL"]
[Site "Barcelo Hotel, Hinckley Island"]
[Date "2011.05.02"]
[Round "11.51"]
[White "Croad, Nicolas"]
[Black "Coates, Kenneth G"]
[Result "1/2-1/2"]
[WhiteElo "2290"]
[BlackElo "2199"]
[PlyCount "82"]
[EventDate "2011.??.??"]
[WhiteTeam "White Rose 2"]
[BlackTeam "AMCA Dragons"]

1. d4 d5 2. c4 c6 3. Nf3 Nf6 4. e3 g6 5. Nc3 Bg7 6. Be2 O-O 7. O-O Bg4 8. cxd5
cxd5 9. Qb3 b6 10. h3 Bxf3 11. Bxf3 e6 12. Bd2 Nc6 13. Qa4 Qd7 14. Rfc1 Rac8
15. Be2 Na5 16. Bb5 Qb7 17. b4 Nc4 18. Ba6 Qb8 19. Bxc8 Rxc8 20. Be1 e5 21. Qa6
exd4 22. Nxd5 Nxd5 23. Rxc4 Rxc4 24. Qxc4 dxe3 25. Rd1 exf2+ 26. Bxf2 Nf4 27.
b5 h5 28. Kh1 Ne6 29. a4 Qe5 30. a5 Bf8 31. axb6 axb6 32. Bxb6 Bd6 33. Rxd6
Qxd6 34. Qc6 Qe5 35. Bg1 Nf4 36. b6 Ne2 37. Bf2 h4 38. Qa8+ Kh7 39. b7 Ng3+ 40.
Kg1 Qb5 41. Kh2 Nf1+ 1/2-1/2

[Event "4NCL"]
[Site "Barcelo Hotel, Hinckley Island"]
[Date "2011.05.02"]
[Round "11.52"]
[White "Taylor, Mark V"]
[Black "Adams, David M"]
[Result "0-1"]
[WhiteElo "2138"]
[BlackElo "2211"]
[PlyCount "86"]
[EventDate "2011.??.??"]
[WhiteTeam "AMCA Dragons"]
[BlackTeam "White Rose 2"]

1. d4 d5 2. Nc3 c6 3. Nf3 Bf5 4. Bf4 Nf6 5. e3 Nbd7 6. Be2 Ne4 7. Nxe4 dxe4 8.
Nd2 Nf6 9. O-O e6 10. c4 Bd6 11. Bxd6 Qxd6 12. c5 Qe7 13. Nc4 O-O 14. b4 b5 15.
Na5 Qc7 16. a4 a6 17. Ra2 Rfd8 18. Qb3 e5 19. axb5 axb5 20. dxe5 Be6 21. Qb2
Bxa2 22. exf6 Bd5 23. fxg7 Re8 24. Rd1 Qe5 25. Rd4 Kxg7 26. Qd2 Rab8 27. g3 Re6
28. h4 Rg6 29. Kh2 Kh8 30. Rxd5 Qxd5 31. Qxd5 cxd5 32. c6 Rgg8 33. Nb7 Rgc8 34.
Bxb5 Rc7 35. g4 Kg7 36. Kg3 Kf6 37. Kf4 Ke6 38. f3 Rcxb7 39. cxb7 Rxb7 40. Bc6
Rxb4 41. fxe4 Rxe4+ 42. Kf3 f6 43. Bb7 h6 0-1

[Event "4NCL"]
[Site "Barcelo Hotel, Hinckley Island"]
[Date "2011.05.02"]
[Round "11.53"]
[White "Shaw, Peter"]
[Black "Hart, David PO"]
[Result "1-0"]
[WhiteElo "2164"]
[BlackElo "2018"]
[PlyCount "77"]
[EventDate "2011.??.??"]
[WhiteTeam "White Rose 2"]
[BlackTeam "AMCA Dragons"]

1. d4 Nf6 2. c4 e6 3. Nc3 Bb4 4. Qc2 d5 5. cxd5 exd5 6. Bg5 h6 7. Bxf6 Qxf6 8.
a3 Bxc3+ 9. Qxc3 O-O 10. e3 c6 11. Nf3 Bf5 12. Bd3 Nd7 13. O-O Be4 14. Nd2 Rae8
15. Bxe4 dxe4 16. Qa5 Qg5 17. Qc7 Re7 18. Nxe4 Ne5 19. Nxg5 Rxc7 20. Ne4 Nd7
21. Rac1 Re8 22. Nc5 Nxc5 23. Rxc5 Kf8 24. Rfc1 Ke7 25. d5 Kd6 26. dxc6 Rxc6
27. Rxc6+ bxc6 28. Kf1 Rb8 29. Rc2 Rb5 30. Ke2 Rh5 31. h3 Rg5 32. g3 Rh5 33. h4
Rb5 34. Rd2+ Ke6 35. Kd3 h5 36. Kc4 g6 37. a4 Rf5 38. b4 Re5 39. Rd8 1-0

[Event "4NCL"]
[Site "Barcelo Hotel, Hinckley Island"]
[Date "2011.05.02"]
[Round "11.54"]
[White "Purdon, Colin"]
[Black "Gayson, Peter M"]
[Result "1/2-1/2"]
[WhiteElo "2074"]
[BlackElo "2173"]
[PlyCount "58"]
[EventDate "2011.??.??"]
[WhiteTeam "AMCA Dragons"]
[BlackTeam "White Rose 2"]

1. d4 f5 2. g3 g6 3. Bg2 Bg7 4. Nf3 Nf6 5. c4 d6 6. O-O O-O 7. Nc3 c6 8. Rb1
Qe8 9. d5 Na6 10. Nd4 Bd7 11. b3 Nc7 12. Bb2 Rd8 13. e3 e5 14. dxe6 Nxe6 15.
Nxe6 Bxe6 16. Qe2 Rf7 17. Rbd1 Rfd7 18. Rd3 d5 19. cxd5 Nxd5 20. Nxd5 Bxd5 21.
Bxd5+ Rxd5 22. Rxd5 Rxd5 23. Bxg7 Kxg7 24. Rd1 Qd7 25. Rxd5 Qxd5 26. Qb2+ Kg8
27. Qf6 Qd1+ 28. Kg2 Qd5+ 29. Kg1 Qd1+ 1/2-1/2

[Event "4NCL"]
[Site "Barcelo Hotel, Hinckley Island"]
[Date "2011.05.02"]
[Round "11.55"]
[White "Arnott, Jonathan W"]
[Black "Stille, Alexander M"]
[Result "0-1"]
[WhiteElo "2177"]
[BlackElo "2042"]
[PlyCount "118"]
[EventDate "2011.??.??"]
[WhiteTeam "White Rose 2"]
[BlackTeam "AMCA Dragons"]

1. e4 d5 2. exd5 Qxd5 3. Nc3 Qa5 4. d4 Nf6 5. Nf3 c6 6. Bc4 Bf5 7. O-O e6 8.
Bd2 Nbd7 9. Re1 Qc7 10. Ne5 Bd6 11. f4 O-O 12. Be3 Nb6 13. Bd3 Bxd3 14. Qxd3
Nbd5 15. a3 Rfd8 16. Ne4 Nxe4 17. Qxe4 Nxe3 18. Rxe3 c5 19. Rc3 Qe7 20. Rb3
Bxe5 21. dxe5 Rd7 22. Rf1 Rad8 23. Rh3 g6 24. Qe3 Rd2 25. Qc3 b6 26. Rd3 R2xd3
27. cxd3 Qd7 28. Rf3 Qa4 29. Kf2 Qd1 30. Kg3 h5 31. h3 Qa4 32. Kh4 Rd5 33. Kg3
Qd7 34. Kf2 Rd4 35. Kg3 Qd5 36. b3 a5 37. a4 Rb4 38. Qc2 Qxb3 39. Qxb3 Rxb3 40.
d4 c4 41. Kf2 Kf8 42. Ke1 Rb4 43. Ra3 Ke8 44. Kd2 Kd7 45. g4 hxg4 46. hxg4 Kc6
47. f5 Kd5 48. fxg6 fxg6 49. Rf3 c3+ 50. Kxc3 Rxd4 51. g5 Rg4 52. Rf8 Rg3+ 53.
Kc2 Rxg5 54. Rb8 Rxe5 55. Rxb6 Kc4 56. Kd2 g5 57. Rb7 g4 58. Rg7 Re4 59. Rg6
Kd5 0-1

[Event "4NCL"]
[Site "Barcelo Hotel, Hinckley Island"]
[Date "2011.05.02"]
[Round "11.58"]
[White "Malhotra, Tarun"]
[Black "Birkin, Mark H"]
[Result "1/2-1/2"]
[WhiteElo "1954"]
[BlackElo "1895"]
[PlyCount "128"]
[EventDate "2011.??.??"]
[WhiteTeam "AMCA Dragons"]
[BlackTeam "White Rose 2"]

1. e4 e6 2. d4 d5 3. Nc3 Nf6 4. Bg5 Bb4 5. e5 h6 6. Bd2 Bxc3 7. bxc3 Ne4 8. Bd3
Nxd2 9. Qxd2 c5 10. f4 Qa5 11. Nf3 Nc6 12. dxc5 Qxc5 13. Nd4 a6 14. O-O Nxd4
15. cxd4 Qxd4+ 16. Kh1 Bd7 17. Rab1 b5 18. Rf3 g6 19. Rg3 Ke7 20. Rf1 Rac8 21.
Rgf3 Rc3 22. Qe1 Kd8 23. Qh4+ Kc8 24. Qe7 Be8 25. Rb1 Rg8 26. Rff1 Rc7 27. Qa3
Qb6 28. Qb2 Bc6 29. a4 Rd8 30. Qa3 Qa5 31. Qc1 bxa4 32. Qe3 Bb5 33. Ra1 Qc3 34.
h3 Qc5 35. Qd2 Kd7 36. Rfb1 Rdc8 37. Kh2 Qc3 38. Bxb5+ axb5 39. Qe2 Qc4 40.
Qxc4 bxc4 41. Rxa4 Ke7 42. Ra6 c3 43. Kg3 f6 44. Rbb6 fxe5 45. Rxe6+ Kf8 46.
Rad6 exf4+ 47. Kxf4 Rf7+ 48. Ke3 Rf1 49. Rf6+ Rxf6 50. Rxf6+ Kg7 51. Rd6 Re8+
52. Kd3 Rf8 53. Kxc3 Rf2 54. Rxd5 Rxg2 55. Rd2 Rg1 56. Kd4 g5 57. c4 Ra1 58. c5
Kf6 59. Re2 Rd1+ 60. Kc4 Rc1+ 61. Kd5 Rd1+ 62. Kc4 Rc1+ 63. Kd4 Rd1+ 64. Kc4
Rc1+ 1/2-1/2

[Event "4NCL"]
[Site "Barcelo Hotel, Hinckley Island"]
[Date "2011.05.02"]
[Round "11.61"]
[White "Shridhar Mitesh"]
[Black "Ashton, Adam G"]
[Result "0-1"]
[WhiteElo "2118"]
[BlackElo "2344"]
[PlyCount "118"]
[EventDate "2011.??.??"]
[WhiteTeam "Cambridge University 2"]
[BlackTeam "3Cs 1"]

1. e4 e5 2. Nf3 Nc6 3. d4 exd4 4. Nxd4 Bc5 5. Nxc6 Qf6 6. Qf3 bxc6 7. Nc3 Bd4
8. Be2 Ne7 9. Qxf6 Bxf6 10. Bd2 O-O 11. O-O Rb8 12. Rab1 d6 13. Be3 a5 14. f4
Re8 15. Bd3 Be6 16. a3 Nc8 17. e5 dxe5 18. Ne4 Be7 19. fxe5 Nb6 20. Bg5 Bf8 21.
Bd2 Nc4 22. Bc3 Bd5 23. Ng5 h6 24. Nf3 a4 25. Bd4 Rbd8 26. Bxc4 Bxc4 27. Rfe1
Be6 28. b3 axb3 29. cxb3 Bg4 30. Bf2 Bxa3 31. b4 Bxf3 32. gxf3 Rd2 33. Rb3 Bb2
34. f4 Bd4 35. Be3 Ra8 36. f5 Kf8 37. Bxd4 Rxd4 38. e6 fxe6 39. fxe6 Ke7 40.
Rf3 Rf8 41. Rg3 g5 42. Rc3 Rd6 43. b5 Rf6 44. bxc6 Rfxe6 45. Rec1 Rd2 46. Rh3
Kf7 47. Rb3 Kg6 48. Rb7 Re7 49. Rb8 Kh5 50. Rh8 Rd6 51. Rc3 Ree6 52. Rh7 Re2
53. Rd7 Rdd2 54. Rxd2 Rxd2 55. Rc4 Ra2 56. h3 Rb2 57. Kh1 Rf2 58. Re4 Rc2 59.
Re6 Kh4 0-1

[Event "4NCL"]
[Site "Barcelo Hotel, Hinckley Island"]
[Date "2011.05.02"]
[Round "11.63"]
[White "Spencer, Carl J"]
[Black "Walton, Alan J"]
[Result "1-0"]
[WhiteElo "2166"]
[BlackElo "2175"]
[PlyCount "51"]
[EventDate "2011.??.??"]
[WhiteTeam "Cambridge University 2"]
[BlackTeam "3Cs 1"]

1. e4 e6 2. d4 d5 3. Nc3 Nf6 4. Bg5 Bb4 5. e5 h6 6. Be3 Ne4 7. Qg4 Kf8 8. a3
Bxc3+ 9. bxc3 c5 10. Bd3 Nxc3 11. dxc5 Nc6 12. Nf3 Qc7 13. O-O Bd7 14. Bd2 d4
15. Nxd4 Nxe5 16. Qg3 Nd5 17. Be4 Nc6 18. Qxc7 Nxc7 19. Nxc6 Bxc6 20. Bxc6 bxc6
21. Rab1 e5 22. Rb7 Ne6 23. Re1 f6 24. f4 Rd8 25. Ba5 Rd5 26. Rb8+ 1-0

[Event "4NCL"]
[Site "Barcelo Hotel, Hinckley Island"]
[Date "2011.05.02"]
[Round "11.64"]
[White "Bentley, John L"]
[Black "Churm, Rohan M"]
[Result "1-0"]
[WhiteElo "2212"]
[BlackElo "2153"]
[PlyCount "65"]
[EventDate "2011.??.??"]
[WhiteTeam "3Cs 1"]
[BlackTeam "Cambridge University 2"]

1. d4 d5 2. c4 c6 3. Nf3 Nf6 4. Nc3 e6 5. cxd5 exd5 6. Bg5 h6 7. Bh4 Be7 8. e3
Bf5 9. Bd3 Bxd3 10. Qxd3 Nbd7 11. O-O O-O 12. Rab1 Ne8 13. Bg3 h5 14. h3 Bd6
15. Ne5 Qe7 16. f4 Rd8 17. a3 Nxe5 18. fxe5 Bb8 19. Rf3 f6 20. Rbf1 Qf7 21. Bh4
Rd7 22. Ne2 Nc7 23. Bxf6 Ne6 24. Bxg7 Qxg7 25. Rg3 Rxf1+ 26. Kxf1 Rf7+ 27. Kg1
Ng5 28. h4 Ne4 29. Rxg7+ Kxg7 30. Nf4 Bc7 31. Qe2 Ng3 32. Nxh5+ Nxh5 33. Qxh5
1-0

[Event "4NCL"]
[Site "Barcelo Hotel, Hinckley Island"]
[Date "2011.05.02"]
[Round "11.65"]
[White "Beckett, Chris J"]
[Black "Adams, Philip"]
[Result "1-0"]
[WhiteElo "2101"]
[BlackElo "2122"]
[PlyCount "111"]
[EventDate "2011.??.??"]
[WhiteTeam "Cambridge University 2"]
[BlackTeam "3Cs 1"]

1. d4 Nf6 2. c4 g6 3. Nc3 Bg7 4. e4 d6 5. f3 O-O 6. Bg5 a6 7. Qd2 Nbd7 8. Nge2
c5 9. d5 b5 10. cxb5 Qa5 11. Ng3 Nb6 12. Be2 axb5 13. Nxb5 Bd7 14. Qxa5 Rxa5
15. Nc3 Rb8 16. Bd2 Ne8 17. Nd1 Ra7 18. Bc3 Bxc3+ 19. Nxc3 Na4 20. Nxa4 Rxa4
21. b3 Rxb3 22. Bd1 Re3+ 23. Kd2 Raa3 24. Bb3 Rexb3 25. axb3 Rxb3 26. Rhb1 Rxb1
27. Rxb1 Nf6 28. Kc3 h5 29. h4 e6 30. Kc4 exd5+ 31. exd5 Kf8 32. Ne4 Nxe4 33.
fxe4 f6 34. g3 Kf7 35. Rb7 Ke8 36. Rb8+ Ke7 37. Rb7 Ke8 38. Rb8+ Ke7 39. Rb2
Ke8 40. Rf2 Ke7 41. Rb2 Ke8 42. Kd3 Ke7 43. Ke3 Bc8 44. Kf4 Bd7 45. Rb7 Ke8 46.
Ra7 Kd8 47. Ra8+ Ke7 48. Rh8 Be8 49. g4 hxg4 50. Kxg4 Ba4 51. Kf4 Bd1 52. Rh7+
Ke8 53. Rg7 Bh5 54. Ke3 f5 55. exf5 gxf5 56. Rg5 1-0

[Event "4NCL"]
[Site "Barcelo Hotel, Hinckley Island"]
[Date "2011.05.02"]
[Round "11.67"]
[White "Chan, Nevil"]
[Black "Burke, Mitchell R"]
[Result "1-0"]
[WhiteElo "2058"]
[BlackElo "1893"]
[PlyCount "105"]
[EventDate "2011.??.??"]
[WhiteTeam "Cambridge University 2"]
[BlackTeam "3Cs 1"]

1. d4 g6 2. Nc3 Bg7 3. e4 d6 4. Nf3 Bg4 5. Be3 Nc6 6. Bb5 a6 7. Ba4 Bd7 8. Bb3
e5 9. h3 Nf6 10. dxe5 Nxe5 11. Nxe5 dxe5 12. Qe2 O-O 13. O-O-O Qc8 14. Rd2 Be6
15. Rhd1 Bxb3 16. axb3 Qe6 17. f3 Qe7 18. Bg5 Qe6 19. Na4 h6 20. Be3 b6 21. Nc3
a5 22. Qc4 Qe7 23. Nd5 Nxd5 24. Qxd5 a4 25. Qd7 axb3 26. cxb3 Qb4 27. Qd5 Qe7
28. Qd7 Qb4 29. Qd5 Qe7 30. Qc4 Rfd8 31. Rd5 Ra1+ 32. Kc2 Rxd1 33. Kxd1 Rxd5+
34. Qxd5 Qb4 35. Bd2 Qd6 36. Qxd6 cxd6 37. Be3 b5 38. Kd2 b4 39. Kd3 Kf8 40.
Kc4 Ke7 41. Kd5 Kd7 42. Bd2 Bf8 43. Bxb4 Be7 44. Ba3 h5 45. b4 Bd8 46. b5 Bc7
47. b6 Bxb6 48. Bxd6 f6 49. Bc5 Bc7 50. b4 Bd8 51. b5 Bc7 52. b6 Bd8 53. b7 1-0

[Event "4NCL"]
[Site "Barcelo Hotel, Hinckley Island"]
[Date "2011.05.02"]
[Round "11.71"]
[White "Hutchinson, Norman A"]
[Black "Edgell, Ben P"]
[Result "0-1"]
[WhiteElo "2054"]
[BlackElo "2109"]
[PlyCount "76"]
[EventDate "2011.??.??"]
[WhiteTeam "Poisoned Pawns 2"]
[BlackTeam "Sambuca Black Sheep"]

1. e4 e5 2. Nf3 Nc6 3. Bb5 Nf6 4. d3 d6 5. O-O Bd7 6. c3 g6 7. Re1 Bg7 8. Nbd2
O-O 9. Nf1 a6 10. Ba4 b5 11. Bb3 Na5 12. Bc2 c5 13. Bg5 h6 14. Bh4 Qc7 15. Ne3
Be6 16. d4 Nh5 17. d5 Bd7 18. Nd2 Nf4 19. Bg3 Qd8 20. Qf3 Qf6 21. Bxf4 exf4 22.
Ng4 Qg5 23. h3 h5 24. Nh2 b4 25. e5 Bxe5 26. Ne4 Qd8 27. Nxc5 bxc3 28. bxc3 Rc8
29. Nxd7 Qxd7 30. Rxe5 dxe5 31. Qe4 Rxc3 32. Nf3 Qc7 33. Bd3 f5 34. Qe2 e4 35.
Bxa6 exf3 36. Qe6+ Kg7 37. d6 Rc1+ 38. Kh2 fxg2 0-1

[Event "4NCL"]
[Site "Barcelo Hotel, Hinckley Island"]
[Date "2011.05.02"]
[Round "11.72"]
[White "Varnam, Liam D"]
[Black "Kemp, Paul R"]
[Result "0-1"]
[WhiteElo "2112"]
[BlackElo "2108"]
[PlyCount "176"]
[EventDate "2011.??.??"]
[WhiteTeam "Sambuca Black Sheep"]
[BlackTeam "Poisoned Pawns 2"]

1. e4 c6 2. d4 d5 3. Nc3 dxe4 4. Nxe4 Bf5 5. Ng3 Bg6 6. Nf3 Nd7 7. h4 h6 8. h5
Bh7 9. Bd3 Bxd3 10. Qxd3 e6 11. Bf4 Qa5+ 12. Bd2 Qc7 13. O-O-O Ngf6 14. c4
O-O-O 15. Ne4 Ng4 16. Qe2 f5 17. Nc3 e5 18. d5 Bc5 19. Be3 Bxe3+ 20. fxe3 Ndf6
21. dxc6 Qxc6 22. Nh4 Qe6 23. Rxd8+ Rxd8 24. Rf1 f4 25. exf4 e4 26. Kb1 Rd3 27.
Re1 Re3 28. Qd2 Rxe1+ 29. Qxe1 Qxc4 30. Nf5 Qd3+ 31. Kc1 e3 32. Ng3 Nf2 33. Qe2
Qd4 34. Nd1 Nxd1 35. Qxd1 Qxf4 36. Qc2+ Kb8 37. Ne2 Qf1+ 38. Qd1 Qxd1+ 39. Kxd1
Nxh5 40. Kc2 g5 41. g3 Nf6 42. Kd3 Kc7 43. Kxe3 Kd6 44. Nd4 Ke5 45. Ne2 h5 46.
a3 Nd5+ 47. Kf3 Nb6 48. b3 Nd7 49. Ke3 Nc5 50. Nd4 Ne6 51. Ne2 Ng7 52. Kd3 Kf5
53. Ke3 Kg4 54. Kf2 Nf5 55. Kg2 Nd6 56. Nc3 a6 57. a4 a5 58. Kf2 Kf5 59. Ke3
Ke5 60. Ne2 Nf5+ 61. Kd3 h4 62. gxh4 gxh4 63. Ng1 Kf4 64. Kc4 Kg3 65. Ne2+ Kf3
66. Ng1+ Kg2 67. Ne2 Ne3+ 68. Kc5 Kf2 69. Nf4 Ng2 70. Nh3+ Kg3 71. Ng5 Kg4 72.
Ne4 Kf4 73. Nf2 Kf3 74. Nh3 Nf4 75. Ng5+ Kg4 76. Ne4 Nd3+ 77. Kd4 Nc1 78. Kc4
Kf4 79. Nf2 Kf3 80. Nh3 Ne2 81. Ng5+ Kg4 82. Ne4 Kf4 83. Nf2 Ng1 84. Kd3 Kf3
85. Ne4 Nh3 86. Kd4 Nf2 87. Ng5+ Kg4 88. Ke3 Nd1+ 0-1

[Event "4NCL"]
[Site "Barcelo Hotel, Hinckley Island"]
[Date "2011.05.02"]
[Round "11.73"]
[White "McCorry, Robert T"]
[Black "Purton, Ben J"]
[Result "1-0"]
[WhiteElo "2055"]
[BlackElo "2147"]
[PlyCount "37"]
[EventDate "2011.??.??"]
[WhiteTeam "Poisoned Pawns 2"]
[BlackTeam "Sambuca Black Sheep"]

1. c4 c5 2. g3 Nf6 3. Bg2 d5 4. cxd5 Nxd5 5. Nc3 Nc7 6. Nf3 Nc6 7. O-O e5 8. a3
Be6 9. b4 cxb4 10. axb4 Bxb4 11. Nxe5 Bxc3 12. Nxc6 Qd7 13. dxc3 bxc6 14. Qa4
Nd5 15. Ba3 Nxc3 16. Qc2 Nd5 17. Rfd1 Bg4 18. h3 Bxh3 19. Bxh3 1-0